000 00463nam a2200133 a 4500
008 120416s1995 ||||||||||||||||| || u
050 _aPN 98.P67 Bar
100 _aBertens, Hans
245 1 4 _aThe idea of the postmodern
246 _aa history
260 _aLondon
_bRoutledge
_c1995
350 _a0.00
995 _D0.00
_FCBU-MAIN LIBRARY (Kitwe)
_H1
_I14.00
_M1
_UAVAILABLE
_ZMain Library Open Access Collection
999 _c46110
_d46110